[Event "Schleswig Holstein-ch Seniors op 9th"]
[Site "Buesum"]
[Date "2015.10.06"]
[Round "8"]
[White "Hagermann, Hermann"]
[Black "Jacoby, Gisbert"]
[Result "0-1"]
[WhiteElo "1949"]
[BlackElo "2151"]
[PlyCount "104"]
[EventDate "2015.09.28"]
[EventType "swiss"]
[EventRounds "9"]
[EventCountry "GER"]
[SourceTitle "EXT 2018"]
[Source "ChessBase"]
[SourceDate "2017.10.13"]
[SourceVersion "1"]
[SourceVersionDate "2017.10.13"]
[SourceQuality "1"]

1. e4 c5 2. b3 Nf6 3. e5 Nd5 4. Bb2 Nc6 5. Nf3 e6 6. Na3 Be7 7. Bb5 Qc7 8. 0-0 0-0 9. Re1 f6 10. Bxc6 Qxc6 11. c4 Nf4 12. Re3 b6 13. Nb5 Bb7 14. Nd6 Bxd6 15. exd6 e5 16. Qc2 Qxd6 17. Rae1 Qc6 18. Qf5 Qe6 19. Qxe6+ Nxe6 20. g3 Rad8 21. Nh4 g6 22. Ng2 d5 23. d3 dxc4 24. dxc4 Nd4 25. Bxd4 Rxd4 26. R3e2 Bxg2 27. Kxg2 Rf7 28. h3 h5 29. Kf3 Rfd7 30. g4 Rd3+ 31. Kg2 hxg4 32. hxg4 R3d4 33. f3 Rd2 34. Kf2 Kf7 35. Kg3 Rxe2 36. Rxe2 Ke6 37. Kf2 f5 38. gxf5+ Kxf5 39. Kg3 Rd3 40. Kg2 g5 41. Kf2 Rd4 42. Kg3 g4 43. fxg4+ Rxg4+ 44. Kf3 Rf4+ 45. Kg3 e4 46. Re1 Rf3+ 47. Kg2 Ke5 48. Re2 Kd4 49. Rd2+ Ke3 50. Rb2 Rf5 51. Rc2 Kd3 52. Rc1 Kd2 0-1

[Event "Lueneburg op-A"]
[Site "Lueneburg"]
[Date "2015.08.22"]
[Round "8"]
[White "Jacoby, Gisbert"]
[Black "Fuchs, Judith"]
[Result "0-1"]
[WhiteElo "2151"]
[BlackElo "2298"]
[PlyCount "66"]
[EventDate "2015.08.15"]
[EventType "swiss"]
[EventRounds "9"]
[EventCountry "GER"]
[SourceTitle "EXT 2016"]
[Source "ChessBase"]
[SourceDate "2015.10.08"]
[SourceVersion "1"]
[SourceVersionDate "2015.10.08"]
[SourceQuality "1"]

1. c4 e5 2. Nc3 Nf6 3. e3 Nc6 4. a3 g6 5. b4 Bg7 6. b5 Ne7 7. Bb2 d5 8. cxd5 Nexd5 9. Nf3 Bg4 10. Qc2 Bxf3 11. gxf3 0-0 12. Bg2 Qd7 13. 0-0 Rfe8 14. Rab1 Rac8 15. Ne4 c6 16. bxc6 Rxc6 17. Qd3 Qe6 18. f4 Nxe4 19. Bxe4 Rd6 20. f5 Qd7 21. fxg6 hxg6 22. Qb3 Nf6 23. Bg2 b6 24. d4 e4 25. f3 exf3 26. Rxf3 Ne4 27. Rbf1 Nd2 28. Qa2 Nxf1 29. Bxf1 Rf6 30. Bh3 Qb5 31. Bf1 Qg5+ 32. Rg3 Qf5 33. Bc4 b5 0-1

[Event "Lueneburg op-A"]
[Site "Lueneburg"]
[Date "2015.08.20"]
[Round "6"]
[White "Jacoby, Gisbert"]
[Black "Bohnstorff, Michael"]
[Result "1-0"]
[WhiteElo "2151"]
[BlackElo "2057"]
[PlyCount "155"]
[EventDate "2015.08.15"]
[EventType "swiss"]
[EventRounds "9"]
[EventCountry "GER"]
[SourceTitle "EXT 2016"]
[Source "ChessBase"]
[SourceDate "2015.10.08"]
[SourceVersion "1"]
[SourceVersionDate "2015.10.08"]
[SourceQuality "1"]

1. c4 Nf6 2. Nc3 d5 3. cxd5 Nxd5 4. Nf3 g6 5. e4 Nxc3 6. bxc3 Bg7 7. Be2 0-0 8. 0-0 Bg4 9. d4 c5 10. Be3 Nc6 11. d5 Na5 12. Bxc5 Bxc3 13. Rc1 Bg7 14. Qd2 b6 15. Bb4 Nb7 16. Qf4 Bxf3 17. Bxf3 Nc5 18. Bxc5 bxc5 19. Rxc5 Qb8 20. Qd2 Rc8 21. Rxc8+ Qxc8 22. e5 Bxe5 23. d6 Bxd6 24. Bxa8 Qxa8 25. Rc1 Qe4 26. g3 Kg7 27. Qc3+ f6 28. Qc4 Qe5 29. Kg2 h5 30. Rc2 Qf5 31. Re2 g5 32. Qe4 Qb5 33. h3 Qd7 34. g4 h4 35. Qd5 Qa4 36. Re4 Qc2 37. Qc4 Qd2 38. a4 a5 39. Qe6 Qc3 40. Rc4 Qb3 41. Qe4 Qb8 42. Qc6 Bb4 43. Qe6 Qa8+ 44. Qe4 Qd8 45. Rc6 Qa8 46. Qe6 Bd6 47. Qd5 Bb4 48. Kf3 Qb7 49. Qc4 Bd6 50. Qd5 Bb4 51. Kg2 Qb8 52. Ra6 Qg8 53. Qxg8+ Kxg8 54. Kf3 Kf7 55. Ke4 Ke8 56. Kd5 Kf7 57. f3 Bd2 58. Ke4 Kg6 59. Re6 Kf7 60. Kf5 Bb4 61. Rb6 Bd2 62. Rb7 Bc1 63. Ra7 Bd2 64. Ra6 Bc3 65. f4 gxf4 66. Kxf4 e6 67. Ke4 Bd2 68. Ra7+ Kg6 69. Re7 e5 70. Rd7 Be1 71. Rd1 Bb4 72. Rf1 Bd2 73. Kd5 Bc3 74. Rf5 Bd2 75. Rh5 Be1 76. Ke4 Bf2 77. Rh8 Kg7 78. Ra8 1-0

[Event "Hamburg-ch MA"]
[Site "Hamburg"]
[Date "2015.05.30"]
[Round "8"]
[White "Urban, Ralf Dieter"]
[Black "Jacoby, Gisbert"]
[Result "1/2-1/2"]
[WhiteElo "2034"]
[BlackElo "2137"]
[PlyCount "50"]
[EventDate "2015.05.23"]
[EventType "swiss"]
[EventRounds "9"]
[EventCountry "GER"]
[SourceTitle "EXT 2022"]
[Source "ChessBase"]
[SourceDate "2021.10.06"]
[SourceVersion "1"]
[SourceVersionDate "2021.10.06"]
[SourceQuality "1"]

1. e4 c5 2. d4 cxd4 3. c3 d5 4. exd5 Qxd5 5. cxd4 Nf6 6. Nc3 Qd6 7. Nf3 e6 8. Bc4 Be7 9. 0-0 a6 10. Bg5 Nc6 11. Qd2 0-0 12. Rac1 Rd8 13. Rfd1 Nb4 14. Bxf6 Bxf6 15. Ne4 Qe7 16. Nxf6+ gxf6 17. Qh6 b5 18. Bd3 f5 19. Bb1 Bb7 20. Rc3 Kh8 21. Re1 Qf8 22. Qh4 Qg7 23. a3 Rg8 24. g3 Nd5 25. Rc5 Qg4 1/2-1/2

[Event "Lueneburg op"]
[Site "Lueneburg"]
[Date "2014.08.14"]
[Round "6"]
[White "Boele, Martijn"]
[Black "Jacoby, Gisbert"]
[Result "1/2-1/2"]
[WhiteElo "1937"]
[BlackElo "2169"]
[PlyCount "63"]
[EventDate "2014.08.09"]
[EventType "swiss"]
[EventRounds "9"]
[EventCountry "GER"]
[SourceTitle "CBM 161 Extra"]
[Source "ChessBase"]
[SourceDate "2014.08.29"]
[SourceVersion "1"]
[SourceVersionDate "2014.08.29"]
[SourceQuality "1"]

1. e4 c5 2. Nf3 d6 3. d4 cxd4 4. Nxd4 Nf6 5. Nc3 a6 6. Be2 e5 7. Nb3 Be7 8. Bg5 Nbd7 9. Qd2 h6 10. Be3 0-0 11. g4 b5 12. a3 Bb7 13. f3 Rc8 14. Rg1 Nb6 15. g5 hxg5 16. Bxg5 Nh5 17. Bxe7 Qxe7 18. 0-0-0 Nf4 19. Kb1 Rfd8 20. Qe1 Rxc3 21. bxc3 d5 22. Rd2 Na4 23. Ka2 Nxc3+ 24. Kb2 Na4+ 25. Ka2 Nc3+ 26. Kb2 Na4+ 27. Ka2 Nc3+ 28. Kb2 d4 29. Bd3 a5 30. Qg3 f6 31. Nc5 g6 32. Nb3 1/2-1/2

[Event "Lueneburg op"]
[Site "Lueneburg"]
[Date "2014.08.13"]
[Round "5"]
[White "Jacoby, Gisbert"]
[Black "Hinrichs, Lars"]
[Result "1/2-1/2"]
[WhiteElo "2169"]
[BlackElo "2003"]
[PlyCount "53"]
[EventDate "2014.08.09"]
[EventType "swiss"]
[EventRounds "9"]
[EventCountry "GER"]
[SourceTitle "CBM 161 Extra"]
[Source "ChessBase"]
[SourceDate "2014.08.29"]
[SourceVersion "1"]
[SourceVersionDate "2014.08.29"]
[SourceQuality "1"]

1. c4 e5 2. d3 Nf6 3. Nf3 Nc6 4. a3 a5 5. Nc3 h6 6. e3 Be7 7. Be2 0-0 8. 0-0 d5 9. cxd5 Nxd5 10. Qc2 Nxc3 11. bxc3 a4 12. Bb2 Bf6 13. Rad1 Bf5 14. Nd2 Qe7 15. Bf3 g6 16. Ne4 Bg7 17. c4 Rfd8 18. Nc3 Qc5 19. g4 e4 20. Nxe4 Bxe4 21. Bxe4 Qg5 22. h3 h5 23. Bxg7 Kxg7 24. Qb2+ Kg8 25. f4 Qc5 26. Rfe1 Na5 27. Ra1 1/2-1/2

[Event "Lueneburg op"]
[Site "Lueneburg"]
[Date "2014.08.11"]
[Round "3"]
[White "Jacoby, Gisbert"]
[Black "Strebkovs, Andrejs"]
[Result "1/2-1/2"]
[WhiteElo "2169"]
[BlackElo "2339"]
[PlyCount "152"]
[EventDate "2014.08.09"]
[EventType "swiss"]
[EventRounds "9"]
[EventCountry "GER"]
[SourceTitle "CBM 161 Extra"]
[Source "ChessBase"]
[SourceDate "2014.08.29"]
[SourceVersion "1"]
[SourceVersionDate "2014.08.29"]
[SourceQuality "1"]

1. c4 g6 2. Nc3 Bg7 3. d4 d6 4. e4 Nf6 5. Bg5 0-0 6. Qd2 Nbd7 7. f4 c5 8. d5 b5 9. Bd3 bxc4 10. Bc2 Rb8 11. Rb1 Qa5 12. Nge2 Nb6 13. 0-0 Rb7 14. h3 e6 15. dxe6 Bxe6 16. f5 Bc8 17. Bxf6 Bxf6 18. Qxd6 Bg7 19. f6 Bh6 20. Qg3 Nd7 21. Qh4 Be3+ 22. Kh1 h6 23. Qg3 Bd4 24. Nxd4 cxd4 25. Nd5 Qd2 26. Ba4 Nc5 27. Rfd1 Nxe4 28. Rxd2 Nxg3+ 29. Kh2 Nf5 30. Bc6 Rb8 31. Rc1 Ba6 32. Ne7+ Kh7 33. Nxf5 gxf5 34. Rxd4 Rxb2 35. Rd7 Rb6 36. Bd5 Rxf6 37. Rc3 f4 38. Rxa7 Rd8 39. Bxc4 Bxc4 40. Rxc4 f3 41. gxf3 Rxf3 42. Kg2 Rdd3 43. h4 Rg3+ 44. Kf2 Rdf3+ 45. Ke2 Kg6 46. Ra5 Ra3 47. Rc6+ Kg7 48. Rca6 Rac3 49. Rf5 Rc2+ 50. Kd1 Rh2 51. Rf1 Rd3+ 52. Kc1 Rd7 53. Ra4 Rg2 54. Kb1 Rb7+ 55. Ka1 Kg6 56. Raf4 Rbb2 57. a4 Ra2+ 58. Kb1 Rgb2+ 59. Kc1 Rb7 60. Rf6+ Kg7 61. R1f4 Rc7+ 62. Kd1 Rb7 63. Kc1 Ra7 64. Kd1 Rh2 65. R6f5 Rb7 66. Kc1 Ra7 67. Kd1 Ra2 68. Kc1 R2xa4 69. Rxf7+ Rxf7 70. Rxa4 Kg6 71. Kd2 Re7 72. Kd3 Kh5 73. Re4 Rxe4 74. Kxe4 Kg4 75. h5 Kxh5 76. Kf3 Kh4 1/2-1/2

[Event "Hamburg St Pauli op-A"]
[Site "Hamburg"]
[Date "2013.07.08"]
[Round "3"]
[White "Jacoby, Gisbert"]
[Black "Gutman, Lev"]
[Result "0-1"]
[WhiteElo "2186"]
[BlackElo "2455"]
[PlyCount "60"]
[EventDate "2013.07.06"]
[EventType "swiss"]
[EventRounds "9"]
[EventCountry "GER"]
[SourceTitle "CBM 155 Extra"]
[Source "ChessBase"]
[SourceDate "2013.08.26"]
[SourceVersion "1"]
[SourceVersionDate "2013.08.26"]
[SourceQuality "1"]

1. Nf3 Nf6 2. c4 g6 3. Nc3 d5 4. cxd5 Nxd5 5. e4 Nxc3 6. dxc3 Qxd1+ 7. Kxd1 f6 8. Kc2 e5 9. Be3 Nd7 10. Nd2 Bc5 11. Bxc5 Nxc5 12. b4 Ne6 13. Bc4 Ke7 14. g3 Ng7 15. h4 Bd7 16. Rhe1 Rhd8 17. Nf1 Ba4+ 18. Bb3 Bc6 19. Nd2 a5 20. a3 Rd7 21. f3 Nh5 22. Nf1 Re8 23. Rad1 Rd6 24. Rxd6 cxd6 25. Bd5 Bxd5 26. exd5 axb4 27. axb4 f5 28. c4 g5 29. g4 Nf4 30. gxf5 gxh4 0-1

[Event "Hamburg-ch MA"]
[Site "Hamburg"]
[Date "2013.05.23"]
[Round "6"]
[White "Colpe, Malte"]
[Black "Jacoby, Gisbert"]
[Result "1-0"]
[WhiteElo "2342"]
[BlackElo "2180"]
[PlyCount "45"]
[EventDate "2013.05.18"]
[EventType "swiss"]
[EventRounds "9"]
[EventCountry "GER"]
[SourceTitle "EXT 2022"]
[Source "ChessBase"]
[SourceDate "2021.10.06"]
[SourceVersion "1"]
[SourceVersionDate "2021.10.06"]
[SourceQuality "1"]

1. d4 d5 2. c4 dxc4 3. e4 b5 4. a4 c6 5. axb5 cxb5 6. Nc3 e5 7. Nxb5 exd4 8. Bxc4 Bb4+ 9. Kf1 Nc6 10. Bf4 Be6 11. Bxe6 fxe6 12. Nc7+ Kf7 13. Qh5+ g6 14. Qb5 Nge7 15. Nxa8 Qxa8 16. Nf3 h6 17. Ne5+ Nxe5 18. Bxe5 Qxe4 19. Bxh8 d3 20. Bc3 Bxc3 21. bxc3 Qe2+ 22. Kg1 Qc2 23. Qb1 1-0

[Event "GER-chT Seniors 20th"]
[Site "Gladenbach"]
[Date "2011.09.17"]
[Round "7.2"]
[White "Thormann, Wolfgang"]
[Black "Jacoby, Gisbert"]
[Result "1/2-1/2"]
[WhiteElo "2211"]
[BlackElo "2094"]
[PlyCount "30"]
[EventDate "2011.09.11"]
[EventType "team-swiss"]
[EventRounds "7"]
[EventCountry "GER"]
[SourceTitle "CBM 144 Extra"]
[Source "ChessBase"]
[SourceDate "2011.10.28"]
[SourceVersion "1"]
[SourceVersionDate "2011.10.28"]
[SourceQuality "1"]
[WhiteTeam "Berlin"]
[BlackTeam "Hamburg"]
[WhiteTeamCountry "GER"]
[BlackTeamCountry "GER"]

1. e4 c5 2. Nc3 Nc6 3. f4 g6 4. Nf3 Bg7 5. Bb5 Nd4 6. 0-0 Nxb5 7. Nxb5 d5 8. e5 a6 9. Nc3 d4 10. Ne4 Qd5 11. d3 Nh6 12. Qe1 0-0 13. a4 Bf5 14. h3 f6 15. Ng3 Bd7 1/2-1/2

[Event "Hamburg St Pauli op-A"]
[Site "Hamburg"]
[Date "2011.07.10"]
[Round "2"]
[White "Manthey, Juergen"]
[Black "Jacoby, Gisbert"]
[Result "1-0"]
[WhiteElo "1830"]
[BlackElo "2164"]
[PlyCount "159"]
[EventDate "2011.07.09"]
[EventType "swiss"]
[EventRounds "9"]
[EventCountry "GER"]
[SourceTitle "CBM 143 Extra"]
[Source "ChessBase"]
[SourceDate "2011.08.29"]
[SourceVersion "1"]
[SourceVersionDate "2011.08.29"]
[SourceQuality "1"]

1. c4 c5 2. Nc3 g6 3. g3 Bg7 4. Bg2 Nc6 5. a3 e6 6. Rb1 a5 7. e4 Nge7 8. Nge2 d6 9. 0-0 0-0 10. d3 Nd4 11. Bg5 h6 12. Bxe7 Qxe7 13. Kh1 Rb8 14. b4 axb4 15. axb4 cxb4 16. Rxb4 d5 17. Qb1 Nc6 18. Rb5 dxc4 19. dxc4 Nd4 20. Nxd4 Bxd4 21. Ne2 Bc5 22. Rb2 b6 23. Nc3 Bb7 24. Rd2 Rfd8 25. Rfd1 Rxd2 26. Rxd2 Rd8 27. Qd1 Rxd2 28. Qxd2 Qf6 29. Nd1 Qa1 30. Bf3 Qe5 31. Qd3 Bc6 32. Kg2 g5 33. h3 h5 34. g4 Bd4 35. Kf1 h4 36. Nc3 Kg7 37. Nb5 Bc5 38. Qc3 Kf6 39. Qd3 Ke7 40. Kg2 Qb2 41. Be2 Qc1 42. Bf3 Qf4 43. Qe2 Bxb5 44. cxb5 Bd6 45. Kf1 Bc5 46. Kg2 Qe5 47. Qd3 Bd6 48. Kf1 Qh2 49. Bg2 Qe5 50. Bf3 Qb2 51. Be2 Bc5 52. Qf3 Qd2 53. Qd3 Qf4 54. Qf3 Qe5 55. Kg2 Qd4 56. Kf1 f6 57. Kg2 Kd6 58. Kf1 Ke5 59. Bd3 Qb2 60. Kg2 Qd2 61. Bf1 Bd4 62. Be2 Qe1 63. Bd3 Qd2 64. Bf1 Bc5 65. Be2 Qb4 66. Bd3 Bd4 67. Be2 Qe1 68. Bc4 Bxf2 69. Qxf2 Qxe4+ 70. Kg1 Qxc4 71. Qxb6 Qc1+ 72. Kf2 Qd2+ 73. Kf1 Qd3+ 74. Ke1 Qc3+ 75. Ke2 Qc2+ 76. Ke1 Qe4+ 77. Kf2 Kf4 78. Qd6+ Qe5 79. Qb4+ Qe4 80. Qxe4+ 1-0

[Event "Groningen op-A"]
[Site "Groningen"]
[Date "2010.12.27"]
[Round "6"]
[White "Ypma, Peter"]
[Black "Jacoby, Gisbert"]
[Result "0-1"]
[WhiteElo "2080"]
[BlackElo "2185"]
[PlyCount "72"]
[EventDate "2010.12.21"]
[EventType "swiss"]
[EventRounds "9"]
[EventCountry "NED"]
[SourceTitle "CBM 140 Extra"]
[Source "ChessBase"]
[SourceDate "2011.03.01"]
[SourceVersion "1"]
[SourceVersionDate "2011.03.01"]
[SourceQuality "1"]

1. e4 c5 2. c3 g6 3. Nf3 Bg7 4. d4 cxd4 5. cxd4 d5 6. e5 Nc6 7. Nc3 Nh6 8. Bg5 Bg4 9. Be2 Nf5 10. 0-0 0-0 11. Re1 Qd7 12. h3 Bxf3 13. Bxf3 e6 14. Ne2 h6 15. Bf4 f6 16. exf6 Bxf6 17. Be3 Nh4 18. Nf4 g5 19. Nxe6 Qxe6 20. Bxg5 Qf5 21. Bxh4 Bxh4 22. Qb3 Rad8 23. Rad1 Qf7 24. Qe3 Bg5 25. Qe2 Qg7 26. Qe6+ Kh8 27. Bxd5 Rf6 28. Qe4 Rf4 29. Qe6 Nxd4 30. Qe5 Nc2 31. Re2 Nb4 32. g3 Rff8 33. Bb3 Rxd1+ 34. Bxd1 Qxe5 35. Rxe5 Nd3 36. f4 Nxe5 0-1

[Event "Groningen op-A"]
[Site "Groningen"]
[Date "2010.12.22"]
[Round "2"]
[White "Pruijssers, Roeland"]
[Black "Jacoby, Gisbert"]
[Result "1-0"]
[WhiteElo "2487"]
[BlackElo "2185"]
[PlyCount "73"]
[EventDate "2010.12.21"]
[EventType "swiss"]
[EventRounds "9"]
[EventCountry "NED"]
[SourceTitle "CBM 140 Extra"]
[Source "ChessBase"]
[SourceDate "2011.03.01"]
[SourceVersion "1"]
[SourceVersionDate "2011.03.01"]
[SourceQuality "1"]

1. e4 c5 2. Nf3 d6 3. d4 cxd4 4. Nxd4 Nf6 5. Nc3 a6 6. Be3 e5 7. Nb3 Be6 8. f3 Nbd7 9. Qd2 b5 10. a4 b4 11. Nd5 Bxd5 12. exd5 Nb6 13. Bxb6 Qxb6 14. a5 Qb7 15. Bc4 g6 16. Ra4 Rb8 17. Nc1 h5 18. Na2 Bh6 19. Qd3 0-0 20. Nxb4 Nd7 21. Nxa6 Qxb2 22. 0-0 e4 23. fxe4 Ne5 24. Qe2 Ra8 25. Bb3 Qc3 26. Kh1 Ra7 27. Nb4 Rb8 28. Nc6 Nxc6 29. dxc6 Qxc6 30. a6 Re8 31. Rf6 Kh7 32. Qd3 Rae7 33. Qd5 Qc3 34. Rf1 Be3 35. Qxd6 Ba7 36. Bxf7 Rxf7 37. Rxf7+ 1-0